La vida y la época de Nikita Kruschev

Guardat en:
Dades bibliogràfiques
Autor principal: MacGregor-Hastie, Roy (autor)
Format: Llibre
Idioma:espanyol
Publicat: Buenos Aires Goyanarte 1960
Matèries:
Etiquetes: Afegir etiqueta
Sense etiquetes, Sigues el primer a etiquetar aquest registre!

MARC

LEADER 00000nam a2200000 a 4500
001 UCU4504
003 CL-VaPUC
008 960524e19600000AG |||||||||||||||||spa|d
082 0 4 |a 923.2  |b MAC  |2 21 
100 |a MacGregor-Hastie, Roy  |e autor  |9 362093 
245 1 3 |a La vida y la época de Nikita Kruschev 
300 |a 179 p 
942 |c BK 
945 |d 19960524 00:00:00  |a rleighto 
260 |a Buenos Aires  |b Goyanarte  |c 1960 
600 0 7 |a KRUSCHEV, NIKITA  |2 CL-VaPUC  |9 362094 
650 0 |a Biografías  |9 255210 
650 0 |a Políticos   |9 256302 
583 |a last modification  |c 19960524 00:00:00  |k Rodrigo Vera 
999 |c 248197  |d 248195 
952 |0 0  |1 0  |4 0  |6 923_200000000000000_MAC_1960  |7 0  |8 A  |9 264653  |a BIBHIS  |b BIBHIS  |d 2019-11-19  |i 3203077  |o 923.2 MAC 1960  |p 3203077  |r 2025-01-20  |w 2019-11-19  |y BK  |k HIS